Linkin Park songs - Statistics

General Stats
  • This quiz has been taken 68 times
  • The average score is 50 of 105
Answer Stats
Hint Album % Correct
Hybrid Theory In the End
91%
Meteora Numb
91%
Hybrid Theory One Step Closer
87%
Hybrid Theory Papercut
82%
From Zero The Emptiness Machine
82%
Meteora Breaking the Habit
78%
One More Light Heavy
78%
Meteora Somewhere I Belong
78%
From Zero Heavy Is The Crown
76%
From Zero Two Faced
76%
Minutes to Midnight What I've Done
76%
Living Things Burn It Down
73%
Living Things Castle of Glass
73%
Hybrid Theory Crawling
73%
Meteora Don't Stay
73%
Meteora Figure.09
73%
Minutes to Midnight Given Up
73%
One More Light One More Light
73%
Minutes to Midnight Bleed It Out
71%
Meteora Faint
71%
Hybrid Theory Runaway
71%
From Zero (Deluxe Edition) Up From The Bottom
69%
Minutes to Midnight Leave Out All The Rest
67%
Hybrid Theory A Place for My Head
64%
From Zero Stained
64%
Hybrid Theory By Myself
62%
Hybrid Theory Points of Authority
62%
From Zero Cut the Bridge
60%
Meteora Lying from You
60%
Meteora Nobody's Listening
60%
From Zero Over Each Other
60%
Hybrid Theory With You
60%
Hybrid Theory Forgotten
58%
Meteora From the Inside
58%
From Zero IGYEIH
58%
Living Things Lost in the Echo
58%
A Thousands Suns The Catalyst
58%
A Thousands Suns Waiting for the End
58%
From Zero Casualty
56%
Meteora Easier to run
53%
From Zero Overflow
53%
Meteora Session
53%
Minutes to Midnight Shadow of the Day
53%
From Zero (Deluxe Edition) Unshatter
53%
Meteora Hit the Floor
51%
From Zero (Deluxe Edition) Let You Fade
51%
Hybrid Theory Pushing Me Away
51%
The Hunting Party Final Masquerade
49%
From Zero Good Things Go
49%
Minutes to Midnight Hands Held High
49%
Meteora Foreword
47%
The Hunting Party Guilty All the Same
47%
Minutes to Midnight In Between
47%
Living Things In My Remains
47%
Minutes to Midnight In Pieces
47%
Minutes to Midnight No More Sorrow
47%
One More Light Talking to Myself
47%
Minutes to Midnight The Little Things Give You Away
47%
Minutes to Midnight Valentine's Day
47%
The Hunting Party Keys to the Kingdom
44%
The Hunting Party Until it's Gone
44%
Minutes to Midnight Wake
44%
A Thousands Suns Wretches and Kings
44%
A Thousands Suns Blackout
42%
Hybrid Theory Cure for the Itch
42%
From Zero From Zero (Intro)
42%
Living Things Powerless
40%
Living Things Roads Untraveled
40%
A Thousands Suns The Messenger
40%
One More Light Battle Symphony
38%
One More Light Sharp Edges
38%
The Hunting Party War
38%
A Thousands Suns When They Come for Me
38%
The Hunting Party Wastelands
36%
The Hunting Party All for Nothing
33%
Living Things Victimized
33%
The Hunting Party A Line in the Sand
31%
A Thousands Suns Burning in the Skies
31%
One More Light Good Goodbye
31%
Living Things I'll Be Gone
31%
One More Light Invisible
31%
A Thousands Suns Jornada del Muerto
31%
The Hunting Party Rebellion
31%
A Thousands Suns Robot Boy
31%
A Thousands Suns The Requiem
31%
Living Things Tinfoil
31%
The Hunting Party Drawbar
27%
A Thousands Suns Fallout
27%
Living Things Lies Greed Misery
27%
Living Things Skin to Bone
27%
Living Things Until It Breaks
27%
A Thousands Suns Empty Spaces
24%
The Hunting Party Mark the Graves
24%
One More Light Nobody Can Save Me
24%
One More Light Sorry for Now
24%
A Thousands Suns The Radiance
22%
A Thousands Suns Wisdom, Justice, and Love
22%
One More Light Halfway Right
20%
The Hunting Party The Summoning
20%
From Zero (Deluxe Edition) Casualty (Live)
7%
From Zero (Deluxe Edition) Two Faced (Live)
7%
From Zero (Deluxe Edition) Heavy Is The Crown (Live)
4%
From Zero (Deluxe Edition) Over Each Other (Live)
4%
From Zero (Deluxe Edition) The Emptiness Machine (Live)
4%
A Thousands Suns Indescent
2%
No matching quizzes found
Score Distribution
Percent of People with Each Score
Percentile by Number Answered
Your Score History
You have not taken this quiz